000 00310nam a2200145Ia 4500
100 _aDesphande
942 _cBK
654 _amanagement
245 _aFactory Management
260 _bVora & Co. Publishers P.Ltd
_aNONE
_c1979
082 _a658.04
_bDES
300 _a476
546 _aENGLISH
999 _c21546
_d21546